[Event "Sofia Accedia op"]
[Site "Sofia"]
[Date "2023.03.25"]
[Round "9"]
[White "Terzieva, Viktoria"]
[Black "Georgiev, Steljan"]
[Result "0-1"]
[WhiteElo "1624"]
[BlackElo "2171"]
[PlyCount "82"]
[EventDate "2023.03.25"]
[EventType "swiss"]
[EventRounds "9"]
[EventCountry "BUL"]
[SourceTitle "CBM 213 Extra"]
[Source "ChessBase"]
[SourceDate "2023.05.31"]
[SourceVersion "1"]
[SourceVersionDate "2023.05.31"]
[SourceQuality "1"]

1. e4 c5 2. Nf3 Nc6 3. Nc3 e5 4. d3 g6 5. Be3 b6 6. Qd2 Nd4 7. Nxe5 Bg7 8. Nf3 Bb7 9. 0-0-0 b5 10. Ne2 Nxf3 11. gxf3 d6 12. h4 h5 13. Bh3 b4 14. d4 Qa5 15. Kb1 c4 16. c3 b3 17. a3 d5 18. e5 Bc8 19. Bxc8 Rxc8 20. Bg5 Rc6 21. Nc1 Bh6 22. Bxh6 Nxh6 23. Rhe1 Re6 24. Qg5 Nf5 25. Ne2 Kd7 26. Ng3 Ng7 27. f4 Qd8 28. Qxd8+ Kxd8 29. Ne2 Nf5 30. Rh1 Kd7 31. Rdg1 a5 32. Ng3 Nh6 33. Kc1 a4 34. Kd2 Ng4 35. Ke2 Nh6 36. f3 Rc6 37. Kf2 Ke6 38. Ne2 Nf5 39. Rg5 Rh6 40. Ng3 Ng7 41. Ke2 Rc7 0-1

[Event "BUL-chT2 64th"]
[Site "Sunny Beach"]
[Date "2015.05.31"]
[Round "1.1"]
[White "Georgiev, Steljan"]
[Black "Vutov, M Mario"]
[Result "0-1"]
[WhiteElo "2173"]
[BlackElo "2349"]
[PlyCount "66"]
[EventDate "2015.05.31"]
[EventType "team-swiss"]
[EventRounds "7"]
[EventCountry "BUL"]
[SourceTitle "CBM 166 Extra"]
[Source "ChessBase"]
[SourceDate "2015.06.18"]
[SourceVersion "1"]
[SourceVersionDate "2015.06.18"]
[SourceQuality "1"]
[WhiteTeam "Pleven Spartak XXI"]
[BlackTeam "Blagoevgrad Victory"]
[WhiteTeamCountry "BUL"]
[BlackTeamCountry "BUL"]

1. Nf3 c5 2. c3 Nf6 3. d4 e6 4. Bg5 d5 5. e3 Qb6 6. Bxf6 gxf6 7. Nbd2 Nc6 8. dxc5 Qxb2 9. Nd4 Qxc3 10. Bb5 Bd7 11. 0-0 Qa5 12. N2b3 Qc7 13. Qh5 a6 14. Ba4 Qe5 15. Qd1 Rg8 16. g3 h5 17. Bxc6 bxc6 18. Na5 Qc7 19. Qa4 h4 20. Rab1 hxg3 21. hxg3 Rxg3+ 22. fxg3 Qxg3+ 23. Kh1 Qh3+ 24. Kg1 Qxe3+ 25. Kg2 Qe4+ 26. Kf2 Bxc5 27. Nab3 Ba7 28. Rbe1 Qh4+ 29. Ke2 c5 30. Qxa6 cxd4 31. Kd1 d3 32. Rh1 Qg4+ 33. Kd2 Be3+ 0-1

[Event "BUL-chT2"]
[Site "Sunny Beach"]
[Date "2014.09.22"]
[Round "4.3"]
[White "Georgiev, Steljan"]
[Black "Mladenov, Emil"]
[Result "1-0"]
[WhiteElo "2149"]
[BlackElo "2110"]
[PlyCount "121"]
[EventDate "2014.09.19"]
[EventType "team-swiss"]
[EventRounds "7"]
[EventCountry "BUL"]
[SourceTitle "EXT 2015"]
[Source "ChessBase"]
[SourceDate "2014.11.20"]
[SourceVersion "1"]
[SourceVersionDate "2014.11.20"]
[SourceQuality "1"]
[WhiteTeam "Ruse Pristis"]
[BlackTeam "Slivnitsa Geroy"]
[WhiteTeamCountry "BUL"]
[BlackTeamCountry "BUL"]

1. Nf3 g6 2. d3 Bg7 3. e4 d6 4. Be2 f5 5. 0-0 e5 6. exf5 Bxf5 7. c3 Nd7 8. Nbd2 Ngf6 9. Ne4 h6 10. Nh4 Qe7 11. Ng3 Qe6 12. Ngxf5 gxf5 13. Bh5+ Kd8 14. Bg6 f4 15. Bf5 Qf7 16. Qf3 c6 17. Qh3 Kc7 18. Re1 Nh7 19. Be6 Qe8 20. Qf5 Ng5 21. Bxd7 Qxd7 22. Qxd7+ Kxd7 23. Nf5 Rhg8 24. Bxf4 Nh3+ 25. gxh3 Raf8 26. Nxh6 Bxh6+ 27. Bg3 Rf3 28. Rad1 c5 29. Kg2 Rgf8 30. Re4 b5 31. Rg4 Kc6 32. Rg6 R3f6 33. Rxf6 Rxf6 34. Re1 c4 35. dxc4 bxc4 36. Re4 Kd5 37. f3 Rf7 38. b3 Rc7 39. Be1 Bf4 40. h4 a5 41. Kh3 a4 42. Rxc4 Rxc4 43. bxc4+ Kxc4 44. Kg4 Kd3 45. h5 Kc2 46. Bh4 d5 47. Bg3 Bxg3 48. hxg3 d4 49. cxd4 exd4 50. h6 d3 51. h7 d2 52. h8Q d1Q 53. Qe5 Kb1 54. Qe6 a3 55. Qc4 Qd2 56. f4 Qxa2 57. Qxa2+ Kxa2 58. f5 Kb3 59. f6 a2 60. f7 a1Q 61. f8Q 1-0

[Event "BUL-ch U20"]
[Site "Sofia"]
[Date "2010.03.13"]
[Round "8"]
[White "Georgiev, Steljan"]
[Black "Andreev, Sasho"]
[Result "1/2-1/2"]
[WhiteElo "2134"]
[BlackElo "2187"]
[PlyCount "67"]
[EventDate "2010.03.08"]
[EventType "tourn"]
[EventRounds "9"]
[EventCountry "BUL"]
[SourceTitle "CBM 135 Extra"]
[Source "ChessBase"]
[SourceDate "2010.05.04"]
[SourceVersion "1"]
[SourceVersionDate "2010.05.04"]
[SourceQuality "1"]

1. d4 d5 2. c4 c6 3. cxd5 cxd5 4. Nc3 Nf6 5. Nf3 Nc6 6. Bf4 a6 7. e3 Bf5 8. a3 e6 9. Bd3 Bxd3 10. Qxd3 Bd6 11. Bxd6 Qxd6 12. 0-0 0-0 13. Rac1 Rfc8 14. Na4 Nd7 15. Nc5 Rab8 16. Nxd7 Qxd7 17. Ne5 Nxe5 18. dxe5 g6 19. h4 Rxc1 20. Rxc1 Rc8 21. Rxc8+ Qxc8 22. Qd4 Qc1+ 23. Kh2 Qc7 24. f4 Qd8 25. Kh3 Qa5 26. Qa7 Qd2 27. Qb8+ Kg7 28. Qd8 Qxe3+ 29. g3 d4 30. Qf6+ Kg8 31. Qd8+ Kg7 32. Qf6+ Kg8 33. Qd8+ Kg7 34. Qf6+ 1/2-1/2

[Event "BUL-ch U20"]
[Site "Sofia"]
[Date "2010.03.12"]
[Round "7"]
[White "Dimitrov, Radoslav"]
[Black "Georgiev, Steljan"]
[Result "1-0"]
[WhiteElo "2386"]
[BlackElo "2134"]
[PlyCount "53"]
[EventDate "2010.03.08"]
[EventType "tourn"]
[EventRounds "9"]
[EventCountry "BUL"]
[SourceTitle "CBM 135 Extra"]
[Source "ChessBase"]
[SourceDate "2010.05.04"]
[SourceVersion "1"]
[SourceVersionDate "2010.05.04"]
[SourceQuality "1"]

1. c4 Nf6 2. Nc3 d6 3. g3 e5 4. Bg2 g6 5. e3 Bg7 6. Nge2 0-0 7. 0-0 Nbd7 8. d3 h5 9. h3 a5 10. e4 Nc5 11. Be3 h4 12. g4 Nh7 13. Qd2 g5 14. d4 Ne6 15. Rfd1 f6 16. d5 Nf4 17. c5 Rf7 18. cxd6 cxd6 19. Nb5 Nf8 20. Bf1 Bxg4 21. hxg4 Qd7 22. f3 N8g6 23. Nxf4 gxf4 24. Bf2 f5 25. exf5 Rxf5 26. gxf5 Qxf5 27. Bd3 1-0

[Event "BUL-ch U20"]
[Site "Sofia"]
[Date "2010.03.09"]
[Round "2"]
[White "Janev, Pavel"]
[Black "Georgiev, Steljan"]
[Result "1-0"]
[WhiteElo "2033"]
[BlackElo "2134"]
[PlyCount "43"]
[EventDate "2010.03.08"]
[EventType "tourn"]
[EventRounds "9"]
[EventCountry "BUL"]
[SourceTitle "CBM 135 Extra"]
[Source "ChessBase"]
[SourceDate "2010.05.04"]
[SourceVersion "1"]
[SourceVersionDate "2010.05.04"]
[SourceQuality "1"]

1. e4 c5 2. Nf3 d6 3. d4 cxd4 4. Nxd4 Nf6 5. Nc3 g6 6. f4 Bg7 7. e5 dxe5 8. fxe5 Nd5 9. Bb5+ Kf8 10. Nxd5 Qxd5 11. 0-0 Bd7 12. Be3 Bxb5 13. Nxb5 Qxb5 14. Qf3 f5 15. exf6 exf6 16. Rad1 Qc6 17. Qf4 Na6 18. Rd6 Qc7 19. Rxf6+ Kg8 20. Qf3 Bxf6 21. Qxf6 Rd8 22. Bd4 1-0

[Event "BUL-ch sf"]
[Site "Plovdiv"]
[Date "2010.01.30"]
[Round "9"]
[White "Stankovski, Marin"]
[Black "Georgiev, Steljan"]
[Result "0-1"]
[WhiteElo "1731"]
[BlackElo "2167"]
[PlyCount "61"]
[EventDate "2010.01.24"]
[EventType "swiss"]
[EventRounds "9"]
[EventCountry "BUL"]
[SourceTitle "CBM 134 Extra"]
[Source "ChessBase"]
[SourceDate "2010.03.03"]
[SourceVersion "1"]
[SourceVersionDate "2010.03.03"]
[SourceQuality "1"]

1. f4 d5 2. Nf3 Nf6 3. g3 c5 4. Bg2 Nc6 5. 0-0 Bf5 6. d3 h6 7. h3 e6 8. c3 Be7 9. Nbd2 0-0 10. Re1 d4 11. Nf1 Nd5 12. c4 Nc7 13. e4 dxe3 14. Rxe3 Bf6 15. g4 Bh7 16. g5 hxg5 17. Nxg5 Bd4 18. Qh5 Bg6 19. Qg4 Bxe3+ 20. Bxe3 Nd4 21. h4 Ne8 22. h5 Bf5 23. Qd1 Nf6 24. h6 gxh6 25. Ne4 Bxe4 26. dxe4 Kh8 27. e5 Ne8 28. Be4 Nf5 29. Qh5 Neg7 30. Qh3 Rg8 31. Ng3 0-1

[Event "BUL-ch sf"]
[Site "Plovdiv"]
[Date "2010.01.27"]
[Round "5"]
[White "Georgiev, Steljan"]
[Black "Kolev, Atanas Tonchev"]
[Result "0-1"]
[WhiteElo "2167"]
[BlackElo "2017"]
[PlyCount "64"]
[EventDate "2010.01.24"]
[EventType "swiss"]
[EventRounds "9"]
[EventCountry "BUL"]
[SourceTitle "CBM 134 Extra"]
[Source "ChessBase"]
[SourceDate "2010.03.03"]
[SourceVersion "1"]
[SourceVersionDate "2010.03.03"]
[SourceQuality "1"]

1. Nf3 Nf6 2. d4 g6 3. c4 Bg7 4. Nc3 0-0 5. e4 d6 6. Be2 e5 7. d5 Nh5 8. 0-0 Nf4 9. Ne1 f5 10. exf5 Nxe2+ 11. Qxe2 gxf5 12. f4 e4 13. Be3 Nd7 14. Rc1 c5 15. a3 Nf6 16. h3 Bd7 17. Bf2 Qe8 18. Bh4 Qg6 19. Nc2 Rae8 20. Kh2 Nh5 21. Qe3 Kh8 22. b4 b6 23. Rb1 Rg8 24. g3 h6 25. bxc5 dxc5 26. Rg1 Kh7 27. Rg2 Bxc3 28. Qxc3 Nxf4 29. Rd2 Nxh3 30. Kxh3 Qg4+ 31. Kh2 f4 32. Rh1 e3 0-1

[Event "Albena op"]
[Site "Albena"]
[Date "2009.06.22"]
[Round "3"]
[White "Georgiev, Steljan"]
[Black "Sirkova, Darena"]
[Result "1-0"]
[WhiteElo "2172"]
[BlackElo "1963"]
[PlyCount "63"]
[EventDate "2009.06.20"]
[EventType "swiss"]
[EventRounds "9"]
[EventCountry "BUL"]
[SourceTitle "CBM 130 Extra"]
[Source "ChessBase"]
[SourceDate "2009.07.02"]
[SourceVersion "2"]
[SourceVersionDate "2009.07.15"]
[SourceQuality "1"]

1. d3 d5 2. f4 g6 3. Nf3 Bg7 4. g3 c5 5. Bg2 Nc6 6. 0-0 Nf6 7. Qe1 0-0 8. c3 Bd7 9. h3 Qc7 10. e4 dxe4 11. dxe4 e5 12. f5 gxf5 13. Nh4 fxe4 14. g4 Ne7 15. Bg5 Qb6 16. Nd2 Ng6 17. Nf5 Bxf5 18. Rxf5 Rae8 19. Bxf6 Bxf6 20. Nxe4 c4+ 21. Kh1 Bh4 22. Qf1 Nf4 23. g5 Kh8 24. Nf6 Qxb2 25. Nxe8 Nxg2 26. Rb1 Qc2 27. Rxe5 Nf4 28. Rbe1 Bg3 29. R1e2 Qa4 30. R5e4 Qc6 31. Nf6 Nxe2 32. Qf5 1-0

[Event "BUL-chT2"]
[Site "Sunny Beach"]
[Date "2009.06.13"]
[Round "6.4"]
[White "Krastanov, Georgi"]
[Black "Georgiev, Steljan"]
[Result "0-1"]
[WhiteElo "2238"]
[BlackElo "2172"]
[PlyCount "76"]
[EventDate "2009.06.08"]
[EventType "team-swiss"]
[EventRounds "7"]
[EventCountry "BUL"]
[SourceTitle "CBM 130 Extra"]
[Source "ChessBase"]
[SourceDate "2009.07.02"]
[SourceVersion "2"]
[SourceVersionDate "2009.07.15"]
[SourceQuality "1"]

1. Nf3 Nf6 2. g3 g6 3. Bg2 Bg7 4. 0-0 0-0 5. d3 d6 6. e4 e5 7. a4 h6 8. c3 Kh7 9. h3 Nh5 10. d4 Qe8 11. dxe5 dxe5 12. Re1 Be6 13. Nbd2 a5 14. Qe2 Qc6 15. Kh2 Na6 16. Nh4 Rad8 17. Qb5 Qxb5 18. axb5 Nc5 19. Bf1 b6 20. Nc4 Nd3 21. Bxd3 Rxd3 22. Ne3 Nf6 23. f3 Rfd8 24. Nhg2 Nd7 25. f4 Nc5 26. f5 Bb3 27. Ng4 h5 28. f6 hxg4 29. fxg7 Kxg7 30. h4 Bd1 31. Be3 Nb3 32. Ra3 Nd2 33. Bxd2 Rxd2 34. Kg1 R8d3 35. c4 Rd4 36. Ne3 Bf3 37. Rc3 Rxb2 38. h5 Rdd2 0-1

[Event "BUL-chT2"]
[Site "Sunny Beach"]
[Date "2009.06.08"]
[Round "1.2"]
[White "Badev, Kiril"]
[Black "Georgiev, Steljan"]
[Result "1-0"]
[WhiteElo "2320"]
[BlackElo "2172"]
[PlyCount "69"]
[EventDate "2009.06.08"]
[EventType "team-swiss"]
[EventRounds "7"]
[EventCountry "BUL"]
[SourceTitle "CBM 130 Extra"]
[Source "ChessBase"]
[SourceDate "2009.07.02"]
[SourceVersion "2"]
[SourceVersionDate "2009.07.15"]
[SourceQuality "1"]

1. e4 e5 2. Nf3 Nc6 3. Bb5 Bc5 4. 0-0 Qf6 5. c3 Nge7 6. Re1 a6 7. Ba4 b5 8. Bb3 d6 9. d4 Ba7 10. Bg5 Qg6 11. Bxe7 Nxe7 12. dxe5 Bh3 13. g3 dxe5 14. Nxe5 Qf6 15. Bxf7+ Kf8 16. Qf3 Qxe5 17. Be6+ Qf6 18. Qxf6+ gxf6 19. Bxh3 Ng6 20. a4 Ne5 21. Rd1 Ke7 22. axb5 axb5 23. Kg2 Bb6 24. Na3 Rhd8 25. Bf5 Nd3 26. Nxb5 Nxb2 27. Rxa8 Rxd1 28. Rh8 Rd2 29. Rxh7+ Kd8 30. Nd4 Nd1 31. Nc6+ Ke8 32. Bg6+ Kf8 33. Rf7+ Kg8 34. Ne7+ Kh8 35. Rh7# 1-0

[Event "BUL-ch U20"]
[Site "Sofia"]
[Date "2009.03.13"]
[Round "6"]
[White "Ivanov, Aleksandar"]
[Black "Georgiev, Steljan"]
[Result "1-0"]
[WhiteElo "1833"]
[BlackElo "2168"]
[PlyCount "89"]
[EventDate "2009.03.09"]
[EventType "swiss"]
[EventRounds "9"]
[EventCountry "BUL"]
[SourceTitle "CBM 129 Extra"]
[Source "ChessBase"]
[SourceDate "2009.05.05"]
[SourceVersion "2"]
[SourceVersionDate "2009.05.20"]
[SourceQuality "1"]

1. d4 Nf6 2. c4 e5 3. d5 Bc5 4. Nc3 d6 5. e4 c6 6. Bg5 Qb6 7. Qc2 Ng4 8. Bh4 f5 9. exf5 0-0 10. Bd3 Nh6 11. f6 Ng4 12. Bxh7+ Kh8 13. fxg7+ Kxg7 14. 0-0-0 Bxf2 15. Be7 Qe3+ 16. Kb1 Qh6 17. Bxf8+ Kxf8 18. Qg6 Qxg6+ 19. Bxg6 Kg7 20. Bd3 Na6 21. h3 Nf6 22. Ne4 Nxe4 23. Bxe4 Nc5 24. Bc2 cxd5 25. cxd5 Bd7 26. Ne2 Bb5 27. Nc3 Ba6 28. Ne4 Nxe4 29. Bxe4 b6 30. g4 Rf8 31. Bf5 Bh4 32. Rc1 Bd8 33. h4 Bb7 34. Rcd1 Ba6 35. Kc2 Be2 36. Rd2 Bf3 37. Rh3 e4 38. Rd4 Re8 39. Be6 b5 40. Rb4 a6 41. a4 Ba5 42. Rb3 bxa4 43. Rb7+ Kf6 44. g5+ Ke5 45. g6 1-0

[Event "BUL-ch sf"]
[Site "Plovdiv"]
[Date "2009.01.30"]
[Round "8"]
[White "Ljangov, Petar"]
[Black "Georgiev, Steljan"]
[Result "0-1"]
[WhiteElo "2095"]
[BlackElo "2168"]
[PlyCount "94"]
[EventDate "2009.01.25"]
[EventType "swiss"]
[EventRounds "9"]
[EventCountry "BUL"]
[SourceTitle "CBM 128 Extra"]
[Source "ChessBase"]
[SourceDate "2009.03.05"]
[SourceVersion "2"]
[SourceVersionDate "2009.03.25"]
[SourceQuality "1"]

1. c4 e5 2. d3 Nc6 3. Nf3 g6 4. Nc3 Bg7 5. g3 h6 6. Bg2 d6 7. 0-0 Nge7 8. Bd2 Be6 9. h3 Qd7 10. Kh2 f5 11. Ne1 g5 12. Nd5 Ng6 13. Qa4 0-0 14. Rc1 f4 15. Nf3 Rf7 16. b4 Raf8 17. Nc3 Qd8 18. Ne4 Nd4 19. Qd1 Qd7 20. Ng1 g4 21. hxg4 Bxg4 22. Nf3 Bxf3 23. Bxf3 Nxf3+ 24. exf3 Bf6 25. Rg1 Kh7 26. Qe2 Be7 27. gxf4 Nxf4 28. Bxf4 Rxf4 29. Rg3 Qf5 30. Rcg1 Rxf3 31. Rxf3 Qxf3 32. Qxf3 Rxf3 33. Rg3 Rxg3 34. fxg3 Kg6 35. Kg2 Kf5 36. Kf3 c6 37. Nc3 Bg5 38. b5 Bd2 39. Ne4 Bb4 40. g4+ Ke6 41. bxc6 bxc6 42. Ng3 d5 43. cxd5+ cxd5 44. Nf5 Bd2 45. Ke2 Bg5 46. Kf3 Kd7 47. Ke2 Kc6 0-1

[Event "BUL-ch sf"]
[Site "Plovdiv"]
[Date "2009.01.28"]
[Round "5"]
[White "Georgiev, Steljan"]
[Black "Velchev, Hristo"]
[Result "0-1"]
[WhiteElo "2168"]
[BlackElo "2285"]
[PlyCount "36"]
[EventDate "2009.01.25"]
[EventType "swiss"]
[EventRounds "9"]
[EventCountry "BUL"]
[SourceTitle "CBM 128 Extra"]
[Source "ChessBase"]
[SourceDate "2009.03.05"]
[SourceVersion "2"]
[SourceVersionDate "2009.03.25"]
[SourceQuality "1"]

1. Nf3 d5 2. e3 Nf6 3. d4 Bg4 4. Nbd2 e6 5. c3 c5 6. Qa4+ Nbd7 7. Ne5 Bh5 8. dxc5 Qc7 9. Nxd7 Nxd7 10. b4 a6 11. Bb2 Be7 12. Bb5 Rd8 13. Bxd7+ Rxd7 14. c4 0-0 15. Rc1 dxc4 16. Nxc4 Rd5 17. 0-0 Be2 18. Rfe1 Bxc4 0-1

[Event "BUL-ch sf"]
[Site "Plovdiv"]
[Date "2009.01.26"]
[Round "2"]
[White "Georgiev, Steljan"]
[Black "Stankovski, Marin"]
[Result "1-0"]
[WhiteElo "2168"]
[BlackElo "1746"]
[PlyCount "55"]
[EventDate "2009.01.25"]
[EventType "swiss"]
[EventRounds "9"]
[EventCountry "BUL"]
[SourceTitle "CBM 128 Extra"]
[Source "ChessBase"]
[SourceDate "2009.03.05"]
[SourceVersion "2"]
[SourceVersionDate "2009.03.25"]
[SourceQuality "1"]

1. Nf3 c5 2. e3 Nc6 3. d4 e6 4. c3 d5 5. Bd3 Nf6 6. Nbd2 cxd4 7. exd4 Bd6 8. 0-0 0-0 9. Re1 a6 10. Ne5 Bxe5 11. dxe5 Nd7 12. Nf3 f5 13. Bf4 h6 14. h4 Nc5 15. Bc2 Ne4 16. Qc1 Qe7 17. Qe3 Qf7 18. Nd4 Qh5 19. Nxc6 bxc6 20. f3 g5 21. Bh2 f4 22. Qd3 g4 23. fxe4 g3 24. Bxg3 fxg3 25. Qxg3+ Kf7 26. Rf1+ Ke8 27. Rxf8+ Kxf8 28. Rf1+ 1-0

[Event "Sunny Beach op"]
[Site "Sunny Beach"]
[Date "2008.11.29"]
[Round "6"]
[White "Georgiev, Steljan"]
[Black "Ivelinov, Hristo"]
[Result "1/2-1/2"]
[WhiteElo "2142"]
[BlackElo "2168"]
[PlyCount "80"]
[EventDate "2008.11.28"]
[EventType "swiss"]
[EventRounds "7"]
[EventCountry "BUL"]
[SourceTitle "EXT 2010"]
[Source "ChessBase"]
[SourceDate "2010.11.25"]
[SourceVersion "1"]
[SourceVersionDate "2010.11.25"]
[SourceQuality "1"]

1. Nf3 d5 2. d4 Nf6 3. e3 g6 4. Nbd2 Bg7 5. Bd3 0-0 6. c3 b6 7. Qe2 Bb7 8. e4 dxe4 9. Nxe4 Nbd7 10. 0-0 c5 11. Re1 cxd4 12. cxd4 Nd5 13. Bd2 Rc8 14. h4 Qc7 15. Ng3 Nf4 16. Bxf4 Qxf4 17. Qe3 Qxe3 18. fxe3 e5 19. Ne4 Rc7 20. Nd6 Bxf3 21. gxf3 exd4 22. Nb5 Rc5 23. exd4 Rh5 24. Re7 a6 25. Rxd7 axb5 26. Rc1 Rxh4 27. Be4 f5 28. Rcc7 Bxd4+ 29. Rxd4 fxe4 30. fxe4 Rg4+ 31. Kh2 Rf7 32. Rc6 h5 33. Rxb6 Rf2+ 34. Kh1 Kg7 35. Rxb5 h4 36. Rb3 Rgg2 37. e5 g5 38. e6 Rh2+ 39. Kg1 Rfg2+ 40. Kf1 Rf2+ 1/2-1/2

[Event "BUL-chT2 58th"]
[Site "Borovetz"]
[Date "2008.10.05"]
[Round "5.3"]
[White "Vutov, M Mario"]
[Black "Georgiev, Steljan"]
[Result "1-0"]
[WhiteElo "2249"]
[BlackElo "2142"]
[PlyCount "79"]
[EventDate "2008.10.01"]
[EventType "team-swiss"]
[EventRounds "7"]
[EventCountry "BUL"]
[SourceTitle "CBM 126 Extra"]
[Source "ChessBase"]
[SourceDate "2008.11.05"]
[SourceVersion "1"]
[SourceVersionDate "2008.11.05"]
[SourceQuality "1"]

1. e4 c5 2. Nf3 a6 3. Nc3 b5 4. d4 cxd4 5. Nxd4 Bb7 6. Bd3 d6 7. 0-0 Nf6 8. Qe2 Nbd7 9. Kh1 e6 10. f4 b4 11. Na4 Qa5 12. b3 Be7 13. a3 0-0 14. axb4 Qxb4 15. c4 Qa5 16. Ba3 Qh5 17. Qxh5 Nxh5 18. Be2 Nhf6 19. e5 Ne4 20. exd6 Bh4 21. Bf3 Rab8 22. c5 Bf6 23. Rad1 Bxd4 24. Rxd4 f5 25. b4 Bc6 26. Nc3 Ndf6 27. Nxe4 fxe4 28. Be2 e3 29. Bf3 Nd5 30. Re1 a5 31. Bxd5 Bxd5 32. Rxe3 axb4 33. Bxb4 Ra8 34. Kg1 Rfb8 35. d7 Rd8 36. Rxd5 exd5 37. c6 d4 38. Rd3 Kf7 39. Rxd4 Ra7 40. Bc5 1-0